| 000 | 00718cam a22003018a 4500 | ||
|---|---|---|---|
| 003 | data | ||
| 005 | 20260322212049.0 | ||
| 008 | data | ||
| 010 | _a96016299 | ||
| 020 | _a0684831546 | ||
| 020 | _a0684195488 | ||
| 020 | _a9780684195483 | ||
| 020 | _a9780684831541 | ||
| 040 |
_aDLC _cDLC _dUUP |
||
| 043 | _an-us--- | ||
| 049 | _aUUPA | ||
| 099 | _aPROULE | ||
| 100 | 1 | _aProulx, Annie. | |
| 245 | 1 | 0 |
_aAccordion crimes / _cAnnie Proulx. |
| 260 |
_aNew York : _bScribner, _c1996. |
||
| 263 | _a9606. | ||
| 300 | _a381 p. 24 cm. | ||
| 650 | 0 |
_aAccordionists _zUnited States _xFiction. |
|
| 650 | 0 |
_aAccordion _xFiction. _xFiction. |
|
| 655 | 7 | _aHistorical fiction. | |
| 655 | 7 | _aMusical fiction. | |
| 001 | data | ||
| 999 |
_c1169 _d1169 |
||